<?xml version="1.0" encoding="UTF-8"?>
<marc:record xmlns:marc="http://www.loc.gov/MARC21/slim">
   <marc:leader>00000nam a2200000 a 4500</marc:leader>
   <marc:datafield ind1="1" ind2=" " tag="100">
      <marc:subfield code="a">Kutscher, Volker</marc:subfield>
      <marc:subfield code="4">aut</marc:subfield>
      <marc:subfield code="e">Verfasser/-in</marc:subfield>
   </marc:datafield>
   <marc:datafield ind1="0" ind2="0" tag="245">
      <marc:subfield code="a">Rath</marc:subfield>
   </marc:datafield>
   <marc:datafield ind1="0" ind2="0" tag="245">
      <marc:subfield code="b">Der zehnte Rath-Roman</marc:subfield>
   </marc:datafield>
   <marc:datafield ind1="0" ind2="0" tag="245">
      <marc:subfield code="c">Volker Kutscher</marc:subfield>
   </marc:datafield>
   <marc:datafield ind1=" " ind2="1" tag="264">
      <marc:subfield code="a">München</marc:subfield>
      <marc:subfield code="b">Piper</marc:subfield>
      <marc:subfield code="c">2024</marc:subfield>
   </marc:datafield>
   <marc:datafield ind1="1" ind2=" " tag="490">
      <marc:subfield code="a">Gereon Rath 10</marc:subfield>
   </marc:datafield>
   <marc:datafield ind1="1" ind2=" " tag="520">
      <marc:subfield code="a">Familie Rath steuert auf ein dramatisches Ende zu: Gereon hat nach der Rückkehr aus den USA ein Versteck in Rhöndorf bei Bonn bezogen und schlägt sich nach Berlin durch, um Charly beizustehen. Sie muss Hannah Singer aus den Wittenauer Heilstätten befreien und Fritze verteidigen, der unter Mordverdacht gerät. Der Judenhass wächst und mit der Reichsprgromnacht kulminiert eine Entwicklung, die Charly vorhergesehen und Gereon lange geleugnet hat. Damit ist beiden klar: Ein Leben in Deutschland ist so nicht mehr möglich, Widerstand ist geboten. Haben sie eine gemeinsame Zukunft und wo würde die liegen?</marc:subfield>
   </marc:datafield>
   <marc:datafield ind1=" " ind2=" " tag="020">
      <marc:subfield code="a">9783492074100</marc:subfield>
      <marc:subfield code="9">9783492074100</marc:subfield>
   </marc:datafield>
   <marc:datafield ind1=" " ind2=" " tag="020">
      <marc:subfield code="a">3492074103</marc:subfield>
      <marc:subfield code="9">3492074103</marc:subfield>
   </marc:datafield>
   <marc:datafield ind1=" " ind2=" " tag="300">
      <marc:subfield code="a">622 S.</marc:subfield>
   </marc:datafield>
</marc:record>
